00464nam a2200157Ia 4500008004100000100002300041245008600064260001200150260001100162260000900173300000700182650001400189942000900203999001500212952007900227160109s9999 xx 000 0 und d10aVanlangenberg,J.A. 4aThe Analysis of Toxic and Harmful Phthalates present in Erasers sold in Sri Lanka aColombo bIchemc c2014 a47 aPhthlates cbook c2977d2977 0010708NFICaICbICcGENd2016-01-09l0pD0232r2016-01-09 00:00:00yDIS